Mayors of Hungarian Cities with County Rights - Statistics

General Stats
  • This quiz has been taken 10 times
  • The average score is 7 of 26
Answer Stats
HintEs Answer % Correct
Budapest Karácsony Gergely
100%
Szeged Botka László
75%
Székesfehérvár Cser-Palkovics András
63%
Debrecen Papp László
50%
Kaposvár Szita Károly
50%
Érd Csőzik László
38%
Sopron Farkas Ciprián
38%
Hódmezővásárhely Márki-Zay Péter
38%
Győr Pintér Bence
38%
Esztergom Hernádi Ádám
25%
Pécs Péterffy Attila
25%
Dunaújváros Pintér Tamás
25%
Békéscsaba Szarvas Péter
25%
Kecskemét Szemereyné Pataki Klaudia
25%
Zalaegerszeg Balaicz Zoltán
13%
Nagykanizsa Horváth Jácint
13%
Baja Kámánné Bari Bernadett
13%
Veszprém Porga Gyula
13%
Miskolc Tóth-Szántai József
13%
Eger Vágner Ákos
13%
Szekszárd Berlinger Attila
0%
Szolnok Györfi Mihály
0%
Nyíregyháza Kovács Ferenc
0%
Salgótarján Kreicsi Bálint
0%
Szombathely Nemény András
0%
Tatabánya Szücsné Posztovics Ilona
0%
No matching quizzes found
Score Distribution
Percent of People with Each Score
Percentile by Number Answered
Your Score History
You have not taken this quiz